| 000 | 01058nam a2200217 i 4500 | ||
|---|---|---|---|
| 001 | 34856 | ||
| 003 | ES-MaACL | ||
| 005 | 20250809103232.0 | ||
| 007 | t| | ||
| 008 | 151104s1847 sp ||||1| spa d | ||
| 245 | 0 | 0 | _aColección de los documentos diplomáticos presentados a las Cámaras francesas, al Parlamento inglés y a las Cortes españolas sobre el casamiento de S.M. Doña Isabel II y el de S.A.S. la Infanta Doña Luisa Fernanda. |
| 260 |
_aMadrid : _b"La Ilustración", Sociedad Tip.-Literaria Universal, _c1847. |
||
| 300 |
_a146 p. ; _c19 cm. |
||
| 530 | _aDisponible en formato digital. | ||
| 600 | 0 | 4 |
_aIsabel _bII, _cReina de España _965524 |
| 600 | 1 | 7 |
_aBorbón, María Luisa Fernanda de, _cInfanta de España, _d1832-1897- _xMatrimonio _2 _9147750 |
| 651 | 4 |
_aEspaña- _xHistoria- _z1843-1868, Isabel II _98256 |
|
| 852 |
_aES-MaACL _jT-28-F-3 _z.- Enc. en un vol. facticio _q.- Falto de la cub. original |
||
| 856 |
_uhttp://bdh-rd.bne.es/viewer.vm?id=0000086920&page=1 _zBiblioteca Digital Hispánica |
||
| 999 |
_c34856 _d34856 |
||